000 01351nam a2200361 i 4500
003 EG-GICUC
005 20260206044855.0
008 260109s2008 ua |||fr|||| 00| 0 ara d
017 _a9329/2008
020 _a9773790508
040 _a EG-GICUC
_bara
_c EG-GICUC
_d EG-GICUC
_erda
041 0 _aAra
082 0 4 _221
_a343.9
_bب ل . ج
092 0 4 _221
099 _aLaw1 10 343.9 ب ل . ج 2008
100 0 _aبلال أمين زين الدين
_eمؤلف.
245 1 0 _aجرائم نظم المعالجة آلية للبيانات فى التشريع المقارن والشريعة الإسلامية /
_cتأليف بلال أمين زين الدين.
250 _aالطبعة الأولى
264 1 _aالإسكندرية :
_bدار الفكر الجامعى،
_c2008.
300 _a408 صفحة؛
_c24 سم.
336 _2rda content
_atext
337 _2rda media
_aComputer
338 _2rda carrier
_aOnline Resource
500 _a
504 _aببليوجرافيا: صفحات385-391.
546 _aالنص باللغة العربية
650 1 _aموضوعات أخرى فى العلوم الجنائية
_2qrmak
650 1 _aالقانون الجنائى
_2qrmak
651 1 _2qrmak
856 4 0 _uhttps://fll.law.cu.edu.eg/fulltext/bks/B10-07499.pdf
905 _a54
_eYara
942 _2ddc
_cBK
_e21
_n0
999 _c55792
_d55792